Fix It: Healthcare at the Tipping Point (Record no. 335034)
[ view plain ]
| 000 -LEADER | |
|---|---|
| fixed length control field | 00544nam a2200097Ia 4500 |
| 008 - FIXED-LENGTH DATA ELEMENTS--GENERAL INFORMATION | |
| fixed length control field | 170517s9999 xx 000 0 und d |
| 245 ## - TITLE STATEMENT | |
| Title | Fix It: Healthcare at the Tipping Point |
| 300 ## - PHYSICAL DESCRIPTION | |
| Extent | The average American family of four incurs an annual healthcare insurance tab of |
| -- | 3,000. In many cases, this astronomical sum doesn't afford them nearly enough coverage for emergency medical care. That's just one of the startling realities presented in... |
| 650 ## - SUBJECT ADDED ENTRY--TOPICAL TERM | |
| General subdivision | Technology. |
| 856 ## - ELECTRONIC LOCATION AND ACCESS | |
| Uniform Resource Identifier | <a href="http://topdocumentaryfilms.com/fix-healthcare-tipping-point/">http://topdocumentaryfilms.com/fix-healthcare-tipping-point/</a> |
| Withdrawn status | Lost status | Damaged status | Home library | Current library | Date acquired | Total Checkouts | Date last seen | Price effective from | Koha item type |
|---|---|---|---|---|---|---|---|---|---|
| College Library | College Library | 05/17/2017 | 05/17/2017 | 05/17/2017 | Documentary Films |